Carregant...

Education and national integration in India: vol.3 /

Dades bibliogràfiques
Altres autors: Sita Ram Sharma
Format: Printed Book
Idioma:English
Publicat: New Delhi: Akashdeep publishing House, 1992.
Matèries:
LEADER 00631cam a2200193ua 4500
008 060815t1992||||||||||| 00 ||eng c
020 |a 81-7158-280-X 
041 0 |a eng 
082 |a 370.117  |b SIT/E.3 
245 0 0 |a Education and national integration in India: vol.3 /  
260 |a New Delhi:  |b Akashdeep publishing House,  |c 1992. 
300 |a 356p.. 
362 1 |a 1992. 
365 |a Rs.2000/- (for the s  |e hb 
650 0 |a Education-India 
700 0 2 |a Sita Ram Sharma,  
942 |c REF 
999 |c 7653  |d 7653 
952 |0 0  |1 0  |4 0  |6 370_117000000000000_SITE  |7 0  |9 8005  |a KUCL  |b KUCL  |d 2014-05-23  |l 0  |o 370.117 SIT/E.  |p 00907  |r 2017-03-04  |w 2014-05-23  |y REF